000
00255 a2200097 4500
001
53011
100
_a
Nash W A
245
_a
Theory & Problems of Strength of Materials (Schaum's out Lines)
260
_a
New York
_b
McGraw-Hill
_c
090
_c
33330
_d
33330
942
_a
NUST-CAE
_c
M
_c
25926
999
_c
288084
_d
288084